From campus to corporate / (Record no. 74615)

MARC details
000 -LEADER
fixed length control field 00726nam a22002417a 4500
005 - DATE AND TIME OF LATEST TRANSACTION
control field 20130416161609.0
008 - FIXED-LENGTH DATA ELEMENTS--GENERAL INFORMATION
fixed length control field 130416b xxu||||| |||| 00| 0 eng d
010 ## - LCCN (DPL NO)
LC control number ENG-106878
020 ## - INTERNATIONAL STANDARD BOOK NUMBER
International Standard Book Number 9780230331907
Terms of availability 199.00
020 ## - INTERNATIONAL STANDARD BOOK NUMBER
International Standard Book Number 0230331904
Terms of availability 199.00
035 ## - SYSTEM CONTROL NUMBER
System control number EN-90411
037 ## - SOURCE OF ACQUISITION
Source of stock number/acquisition DBAD/PUB
040 ## - CATALOGING SOURCE
Original cataloging agency DPL
Language of cataloging Eng
082 ## - DEWEY DECIMAL CLASSIFICATION NUMBER
Classification number 158.1
100 ## - MAIN ENTRY--PERSONAL NAME
Personal name Ramachandran, K.K.
245 ## - TITLE STATEMENT
Title From campus to corporate /
Statement of responsibility, etc by K.K. Ramachandran [and] K.K. Karthick
250 ## - EDITION STATEMENT
Edition statement rev. ed
260 ## - PUBLICATION, DISTRIBUTION, ETC. (IMPRINT)
Place of publication, distribution, etc Gurgaon
Name of publisher, distributor, etc Macmillan Publishers
Date of publication, distribution, etc 2011
270 ## - ADDRESS
Address 3A, 5th Floor, DLF Corporate Park
City Gurgaon
Postal code 122002
300 ## - PHYSICAL DESCRIPTION
Extent 121p. :
Dimensions 23cm(pbk)
Other physical details ill.
700 ## - ADDED ENTRY--PERSONAL NAME
Personal name Karthick, K.K.
942 ## - ADDED ENTRY ELEMENTS (KOHA)
Source of classification or shelving scheme Dewey Decimal Classification
Item type English Books
Classification part 158.1
Call number suffix RAM
Holdings
Withdrawn status Lost status Source of classification or shelving scheme Damaged status Not for loan Collection code Home library Current library Date acquired Source of acquisition Cost, normal purchase price Total Checkouts Full call number Barcode Date last seen Copy number Cost, replacement price Koha item type
    Dewey Decimal Classification   Not For Loan Non-fiction D.B.Act.Division D.B.Act.Division 16/04/2013 DBAD/PUB 199.00   158.1 RAM EN-90411 16/04/2013 1 199.00 English Books

© Delhi Public Library
Hit Counter
free hit counter